MARC

LEADER 00000nam0a2200000 4500
001 40551
005 20231031013110.0
010 |a 5020317128 
035 |a (RuTPU)RU\TPU\book\41609 
090 |a 40551 
100 |a 20020518d2001 k y0rusy50 ca 
101 0 |a rus 
102 |a RU 
105 |a a z 001zy 
200 1 |a Ландшафтный синтез географических знаний  |e Монография  |f В. С. Михеев  |g Российская академия наук. Сибирское отделение; Институт географии; Отв. ред. А. К. Черкашин 
210 |a Новосибирск  |c Наука  |d 2001 
215 |a 216 с.  |c ил. 
320 |a Библиогр.: с. 188-208. 
320 |a Предм. указ.: с. 209-214. 
610 1 |a география 
610 1 |a геосистемы 
610 1 |a ландшафтная классификация 
610 1 |a ландшафты 
610 1 |a районирование 
610 1 |a землепользование 
610 1 |a бореальные леса 
610 1 |a природоохранная деятельность 
610 1 |a Сибирь 
610 1 |a аридность 
610 1 |a природные территории 
610 1 |a охрана 
610 1 |a природопользование 
675 |a 911.5  |v 3 
700 1 |a Михеев  |b В. С.  |g Валерий Сергеевич 
702 1 |a Черкашин  |b А. К.  |4 340 
712 0 2 |a Российская академия наук  |b Сибирское отделение  |b Институт географии им. В. Г. Сочавы (ИГСО РАН)  |c (Иркутск)  |2 stltpush  |3 (RuTPU)RU\TPU\col\3764 
801 1 |a RU  |b 63413507  |c 20020518  |g PSBO 
801 2 |a RU  |b 63413507  |c 20071015  |g PSBO 
942 |c BK